000 01245nam a2200265 a 4500
003 OSt
005 20240222105804.0
007 cr ||||||a|c|a
008 240221s2023 mx a|||fom||| 001 0 spa d
040 _erda
100 1 _9188821
_aMoreno Mendoza, Gustavo Ángel
245 1 0 _aIdentificación morfológica y molecular de cepas de Beauveria spp.:
_bAisladas de suelos cultivos con opuntia spp. en Otumba, Estado de México /
_cGustavo Ángel Moreno Mendoza; director de tesis Evert Villanueva Sánchez
264 1 _aChapingo, México :
_bEl autor,
_c2023.
300 _a1 recurso en línea (41 páginas):
_bcuadros y figuras..
336 _2rdacontent
_atexto
_btxt
337 _2rdamedia
_acomputadora
_bc
338 _2rdacarrier
_arecurso en línea
_bcr
502 _bIAEPA
_cParasitología
_d2023.
_gLIC
504 _aIncluye referencias bibliográficas: páginas 24-33
650 4 _9188826
_aHongos entomopatógenos
_xIdentificación
650 4 _9188827
_aHongos entomopatógenos
_xFisiología y morfología
700 1 _9119519
_aVillanueva Sánchez, Evert
_eDirector de tesis.
856 _uhttp://10.13.5.2/tesis/tl/1711829-2_MORENO_MENDOZA_GUSTAVOANGEL.pdf
_zDESCARGAR PDF
942 _2Clasificación Universidad Autónoma Chapingo
_cTD
999 _c219735
_d219735